[Event "RA-2023-0-00720"]
[Site "LSS email"]
[Date "2023.03.10"]
[Round "?"]
[White "Langheld, Werner"]
[Black "Kirch, Bernhard"]
[Result "1/2-1/2"]
[WhiteElo "2053"]
[BlackElo "2105"]
[PlyCount "43"]
[EventDate "2022.11.28"]
[EventType "tourn (corr)"]
[EventRounds "6"]
[EventCountry "GER"]
[SourceTitle "Corr 2024"]
[Source "ChessBase"]
[SourceDate "2023.10.19"]
[SourceVersion "1"]
[SourceVersionDate "2023.10.19"]
[SourceQuality "1"]

1. e4 e5 2. Nf3 Nc6 3. Nc3 Nf6 4. d4 exd4 5. Nd5 Nb4 6. Bc4 Nbxd5 7. exd5 Bb4+ 8. Kf1 d6 9. Qe2+ Qe7 10. Qxe7+ Kxe7 11. Nxd4 Bc5 12. Nb3 Bb6 13. Bg5 Bd7 14. Re1+ Kf8 15. Bxf6 gxf6 16. c3 a5 17. Nd4 a4 18. Bb5 Bxb5+ 19. Nxb5 Kg7 20. Re2 Rhe8 21. g3 Rxe2 22. Kxe2 1/2-1/2

[Event "RA-2023-0-00720"]
[Site "LSS email"]
[Date "2023.03.09"]
[Round "?"]
[White "Kirch, Bernhard"]
[Black "Van Bommel, Ton"]
[Result "1/2-1/2"]
[WhiteElo "2105"]
[BlackElo "2107"]
[PlyCount "60"]
[EventDate "2022.11.28"]
[EventType "tourn (corr)"]
[EventRounds "6"]
[EventCountry "GER"]
[SourceTitle "Corr 2024"]
[Source "ChessBase"]
[SourceDate "2023.10.19"]
[SourceVersion "1"]
[SourceVersionDate "2023.10.19"]
[SourceQuality "1"]

1. d4 Nf6 2. Nf3 g6 3. c4 Bg7 4. Nc3 d5 5. cxd5 Nxd5 6. e4 Nxc3 7. bxc3 c5 8. Rb1 0-0 9. Be2 cxd4 10. cxd4 Qa5+ 11. Bd2 Qxa2 12. 0-0 b6 13. Re1 Ba6 14. h4 Nc6 15. Be3 Rfd8 16. h5 Bxe2 17. Rxe2 Qa5 18. d5 Ne5 19. Nd4 Rac8 20. h6 Bf6 21. Rd2 Nc4 22. Nc6 Nxe3 23. Qe2 Rxc6 24. dxc6 Qxd2 25. c7 Qd4 26. cxd8Q+ Qxd8 27. Rc1 e6 28. Qxe3 Be7 29. g3 Bc5 30. Qf3 e5 1/2-1/2

[Event "LSS SA-2022-0-00806"]
[Site "LSS email"]
[Date "2022.08.22"]
[Round "?"]
[White "Kirch, Bernhard"]
[Black "Langheld, Werner"]
[Result "1/2-1/2"]
[WhiteElo "2080"]
[BlackElo "2032"]
[PlyCount "62"]
[EventDate "2022.07.01"]
[EventType "tourn (corr)"]
[EventRounds "6"]
[EventCountry "GER"]
[SourceTitle "Corr 2024"]
[Source "ChessBase"]
[SourceDate "2023.10.19"]
[SourceVersion "1"]
[SourceVersionDate "2023.10.19"]
[SourceQuality "1"]

1. d4 f5 2. g3 Nf6 3. Bg2 e6 4. c4 d5 5. Nh3 Be7 6. 0-0 0-0 7. Qc2 c6 8. Nf4 a5 9. Nd2 Ne4 10. Nf3 g5 11. Nd3 Nd7 12. b3 Rf7 13. Nfe5 Rg7 14. Nxd7 Bxd7 15. f3 Nd6 16. e4 b5 17. cxb5 cxb5 18. exd5 exd5 19. f4 Ne4 20. fxg5 Rc8 21. Qe2 Qb6 22. Be3 b4 23. Qf3 Bxg5 24. Bxg5 Rxg5 25. Qe3 Rg4 26. Bh3 Rg7 27. Bxf5 Bxf5 28. Rxf5 Qg6 29. Rf3 Ng5 30. Rff1 Qe4 31. Qxe4 Nxe4 1/2-1/2

[Event "LSS SA-2022-0-00806"]
[Site "LSS email"]
[Date "2022.08.22"]
[Round "?"]
[White "Simonov, Nikolaj"]
[Black "Kirch, Bernhard"]
[Result "1/2-1/2"]
[WhiteElo "2017"]
[BlackElo "2080"]
[PlyCount "82"]
[EventDate "2022.07.01"]
[EventType "tourn (corr)"]
[EventRounds "6"]
[EventCountry "GER"]
[SourceTitle "Corr 2024"]
[Source "ChessBase"]
[SourceDate "2023.10.19"]
[SourceVersion "1"]
[SourceVersionDate "2023.10.19"]
[SourceQuality "1"]

1. e4 e5 2. Nf3 Nc6 3. Bb5 Nf6 4. 0-0 Nxe4 5. Re1 Nd6 6. Nxe5 Be7 7. Bf1 Nxe5 8. Rxe5 0-0 9. Nc3 Bf6 10. Re1 Re8 11. Nd5 Rxe1 12. Qxe1 b6 13. Nxf6+ Qxf6 14. d3 Bb7 15. Qd2 c5 16. Qf4 Qxf4 17. Bxf4 Nf5 18. a4 Bc6 19. a5 Re8 20. axb6 axb6 21. Bc7 Nd4 22. c3 Nb3 23. Rd1 Ra8 24. d4 d5 25. c4 cxd4 26. Bxb6 Ra4 27. Bxd4 Nxd4 28. Rxd4 Kf8 29. b3 Rb4 30. Bd3 Ke7 31. Bc2 dxc4 32. g3 Bb5 33. Bd1 Ba6 34. Kg2 Bb7+ 35. Kf1 Rb6 36. bxc4 Rd6 37. Rxd6 Kxd6 38. Ke2 Ba6 39. Kd3 Kc5 40. Bb3 f6 41. Kc3 Bc8 1/2-1/2

[Event "RA-2022-0-00701"]
[Site "LSS email"]
[Date "2022.01.03"]
[Round "?"]
[White "Kirch, Bernhard"]
[Black "Nowak, Ireneusz"]
[Result "0-1"]
[WhiteElo "2096"]
[BlackElo "2055"]
[PlyCount "46"]
[EventDate "2021.12.20"]
[EventType "tourn (corr)"]
[EventRounds "6"]
[EventCountry "GER"]
[SourceTitle "Corr 2024"]
[Source "ChessBase"]
[SourceDate "2023.10.19"]
[SourceVersion "1"]
[SourceVersionDate "2023.10.19"]
[SourceQuality "1"]

1. d4 e6 2. c4 d5 3. Nc3 Nf6 4. cxd5 exd5 5. Bg5 Be7 6. e3 c6 7. Bd3 Nbd7 8. Qc2 Nh5 9. Bxe7 Qxe7 10. 0-0-0 Nb6 11. Kb1 Be6 12. Rc1 Nf6 13. Nf3 g6 14. h3 0-0-0 15. Na4 Ne4 16. Nc5 Bf5 17. g3 Nxc5 18. Bxf5+ Ncd7 19. Bd3 Kb8 20. Nd2 Rhe8 21. Nb3 h5 22. Rhe1 Qe6 23. Qe2 Qxh3 0-1

[Event "RA-2022-0-00701"]
[Site "LSS email"]
[Date "2022.01.03"]
[Round "?"]
[White "Martin, Simone"]
[Black "Kirch, Bernhard"]
[Result "1/2-1/2"]
[WhiteElo "2084"]
[BlackElo "2096"]
[PlyCount "33"]
[EventDate "2021.12.20"]
[EventType "tourn (corr)"]
[EventRounds "6"]
[EventCountry "GER"]
[SourceTitle "Corr 2024"]
[Source "ChessBase"]
[SourceDate "2023.10.19"]
[SourceVersion "1"]
[SourceVersionDate "2023.10.19"]
[SourceQuality "1"]

1. e4 e5 2. Nf3 Nc6 3. Bb5 a6 4. Ba4 Nf6 5. d3 Bc5 6. c3 b5 7. Bc2 d5 8. Nbd2 0-0 9. 0-0 dxe4 10. Nxe4 Nxe4 11. dxe4 Be6 12. Bb3 Qe7 13. Bxe6 Qxe6 14. Qd5 Qxd5 15. exd5 Ne7 16. Nxe5 Rad8 17. Nc6 1/2-1/2

[Event "LSS SA-2021-0-00765"]
[Site "LSS email"]
[Date "2021.07.21"]
[Round "?"]
[White "Kirch, Bernhard"]
[Black "Hlavica, Bretislav"]
[Result "1/2-1/2"]
[WhiteElo "2088"]
[BlackElo "2145"]
[PlyCount "99"]
[EventDate "2021.06.22"]
[EventType "tourn (corr)"]
[EventRounds "6"]
[EventCountry "GER"]
[SourceTitle "Corr 2024"]
[Source "ChessBase"]
[SourceDate "2023.10.19"]
[SourceVersion "1"]
[SourceVersionDate "2023.10.19"]
[SourceQuality "1"]

1. e4 g6 2. d4 Bg7 3. Nf3 d6 4. Bc4 Nf6 5. Qe2 0-0 6. e5 dxe5 7. dxe5 Nd5 8. 0-0 Bg4 9. Nbd2 Nb6 10. Bd3 Nc6 11. h3 Nd4 12. Qe4 Nxf3+ 13. Nxf3 Bxf3 14. Qxf3 Bxe5 15. Qxb7 e6 16. Qe4 Bf6 17. Rd1 Qe7 18. a4 a5 19. Be2 Rfd8 20. c3 h5 21. Rxd8+ Rxd8 22. Bf4 Kg7 23. Bf3 Nd5 24. Bh2 Rb8 25. Qe2 Rb3 26. Bxd5 exd5 27. Qxe7 Bxe7 28. Bxc7 Rxb2 29. Rd1 Bc5 30. Bg3 Ra2 31. Rxd5 Bb6 32. c4 h4 33. Bxh4 Rxa4 34. c5 Bxc5 35. Rxc5 Rxh4 36. Rxa5 Rb4 37. Kh2 Rb2 38. Kg3 Rb3+ 39. Kh2 Rb2 40. f3 Kh6 41. Ra6 f5 42. Re6 Rb4 43. Ra6 Kg5 44. Ra1 Rc4 45. Ra6 Rb4 46. Kg3 Rc4 47. h4+ Kh5 48. Ra8 Kh6 49. Rd8 Ra4 50. Rd7 1/2-1/2

[Event "LSS SA-2021-0-00765"]
[Site "LSS email"]
[Date "2021.07.21"]
[Round "?"]
[White "Morcin, Tom"]
[Black "Kirch, Bernhard"]
[Result "1/2-1/2"]
[WhiteElo "2051"]
[BlackElo "2088"]
[PlyCount "69"]
[EventDate "2021.06.22"]
[EventType "tourn (corr)"]
[EventRounds "6"]
[EventCountry "GER"]
[SourceTitle "Corr 2024"]
[Source "ChessBase"]
[SourceDate "2023.10.19"]
[SourceVersion "1"]
[SourceVersionDate "2023.10.19"]
[SourceQuality "1"]

1. d4 Nf6 2. c4 e6 3. Nf3 d5 4. Nc3 dxc4 5. e4 b5 6. e5 Nd5 7. Nxb5 Nb6 8. Be2 Nc6 9. Be3 Be7 10. 0-0 0-0 11. Nc3 Bb7 12. Qc1 Qd7 13. Rd1 Nb4 14. Nd2 Rab8 15. a3 N4d5 16. Nxd5 Bxd5 17. Nxc4 Bxc4 18. Bxc4 Nxc4 19. Qxc4 Rxb2 20. Rdc1 Rc8 21. Qa6 Ra8 22. a4 h6 23. Qc4 Rb7 24. Qc6 Qxc6 25. Rxc6 Kf8 26. Rac1 Bd8 27. g3 Ke8 28. Kg2 Kd7 29. R6c5 Rb4 30. a5 a6 31. d5 Rb5 32. dxe6+ Kxe6 33. f4 Kd7 34. f5 Rab8 35. e6+ 1/2-1/2

[Event "ZH-2021-0-01936"]
[Site "LSS email"]
[Date "2021.05.13"]
[Round "?"]
[White "Zholob, Anatolij"]
[Black "Kirch, Bernhard"]
[Result "1/2-1/2"]
[WhiteElo "2120"]
[BlackElo "2042"]
[PlyCount "53"]
[EventDate "2021.04.20"]
[EventType "match (corr)"]
[EventRounds "2"]
[EventCountry "GER"]
[SourceTitle "Corr 2024"]
[Source "ChessBase"]
[SourceDate "2023.10.19"]
[SourceVersion "1"]
[SourceVersionDate "2023.10.19"]
[SourceQuality "1"]

1. d4 Nf6 2. c4 e6 3. Nf3 d5 4. Nc3 Bb4 5. Bg5 dxc4 6. e4 c5 7. Bxc4 cxd4 8. Nxd4 Bxc3+ 9. bxc3 Qa5 10. Nb5 Nxe4 11. Qd4 0-0 12. Qxe4 a6 13. 0-0 axb5 14. Bd3 f5 15. Qe2 Nc6 16. Bd2 e5 17. Bxb5 Be6 18. a4 e4 19. f3 Na7 20. c4 Qd8 21. Rfc1 Nxb5 22. cxb5 Re8 23. f4 Qd4+ 24. Be3 Qd3 25. Kf2 Qxe2+ 26. Kxe2 Rec8 27. Kd2 1/2-1/2

[Event "OP-2021-0-05125"]
[Site "LSS email"]
[Date "2021.03.31"]
[Round "?"]
[White "Kirch, Bernhard"]
[Black "Reede, Arvo"]
[Result "1/2-1/2"]
[WhiteElo "2061"]
[BlackElo "1555"]
[PlyCount "40"]
[EventDate "2021.03.29"]
[EventType "tourn (corr)"]
[EventRounds "4"]
[EventCountry "GER"]
[SourceTitle "Corr 2024"]
[Source "ChessBase"]
[SourceDate "2023.10.19"]
[SourceVersion "1"]
[SourceVersionDate "2023.10.19"]
[SourceQuality "1"]

1. d4 Nf6 2. c4 e6 3. Nf3 d5 4. g3 dxc4 5. Bg2 Bb4+ 6. Bd2 Bxd2+ 7. Nbxd2 b5 8. b3 cxb3 9. Qxb3 c6 10. 0-0 0-0 11. Qb2 Nbd7 12. Rfc1 Qb6 13. a4 bxa4 14. Qa2 Ba6 15. Nc4 Bxc4 16. Rxc4 a5 17. Qxa4 Rfc8 18. Ne1 Nd5 19. Nd3 Qc7 20. Qc2 N7b6 1/2-1/2

[Event "LSS SA-2021-0-00754"]
[Site "LSS email"]
[Date "2021.03.26"]
[Round "?"]
[White "Cleto Junior, Dirceu"]
[Black "Kirch, Bernhard"]
[Result "1-0"]
[WhiteElo "2067"]
[BlackElo "2061"]
[PlyCount "49"]
[EventDate "2021.02.22"]
[EventType "tourn (corr)"]
[EventRounds "6"]
[EventCountry "GER"]
[SourceTitle "Corr 2024"]
[Source "ChessBase"]
[SourceDate "2023.10.19"]
[SourceVersion "1"]
[SourceVersionDate "2023.10.19"]
[SourceQuality "1"]

1. e4 e5 2. Nf3 Nc6 3. c3 d5 4. Qa4 f6 5. d3 Be6 6. Be3 Qd7 7. Nbd2 f5 8. exd5 Bxd5 9. d4 f4 10. Bb5 fxe3 11. fxe3 e4 12. Ne5 Qc8 13. 0-0 Nf6 14. c4 a6 15. cxd5 axb5 16. Qxb5 Ra5 17. Qc4 Nd8 18. Rxf6 gxf6 19. Nxe4 fxe5 20. Nf6+ Ke7 21. Rf1 Nf7 22. Qb4+ Kd8 23. Qxa5 Be7 24. Nh5 Re8 25. Rxf7 1-0

[Event "LSS SA-2021-0-00754"]
[Site "LSS email"]
[Date "2021.03.26"]
[Round "?"]
[White "Kirch, Bernhard"]
[Black "Avellan, Gerardo"]
[Result "0-1"]
[WhiteElo "2061"]
[BlackElo "2043"]
[PlyCount "36"]
[EventDate "2021.02.22"]
[EventType "tourn (corr)"]
[EventRounds "6"]
[EventCountry "GER"]
[SourceTitle "Corr 2024"]
[Source "ChessBase"]
[SourceDate "2023.10.19"]
[SourceVersion "1"]
[SourceVersionDate "2023.10.19"]
[SourceQuality "1"]

1. c4 e5 2. Nc3 Nf6 3. Nf3 Nc6 4. e3 Bb4 5. Qc2 Bxc3 6. Qxc3 Qe7 7. a3 d5 8. d4 exd4 9. Nxd4 Nxd4 10. Qxd4 0-0 11. Bd2 Rd8 12. Bb4 Qe8 13. Be2 c6 14. c5 Ne4 15. 0-0 Qe7 16. Rfc1 Ng5 17. Bd3 a5 18. Be2 axb4 0-1

[Event "SB-2017-0-00485"]
[Site "LSS email"]
[Date "2017.01.30"]
[Round "?"]
[White "Kirch, Bernhard"]
[Black "Egorov, Vladimir Al"]
[Result "1/2-1/2"]
[WhiteElo "2091"]
[BlackElo "2150"]
[PlyCount "85"]
[EventDate "2016.12.31"]
[EventType "tourn (corr)"]
[EventRounds "6"]
[EventCountry "GER"]
[SourceTitle "Corr 2022"]
[Source "ChessBase"]
[SourceDate "2021.10.24"]
[SourceVersion "1"]
[SourceVersionDate "2021.10.24"]
[SourceQuality "1"]

1. e4 c6 2. d4 d5 3. e5 Bf5 4. h4 h5 5. c4 e6 6. Nc3 Ne7 7. Nge2 Nd7 8. Ng3 Bg6 9. Bg5 Qb6 10. Qd2 dxc4 11. Bxc4 0-0-0 12. 0-0-0 Nxe5 13. Na4 Qc7 14. Bf4 Nxc4 15. Bxc7 Nxd2 16. Bxd8 Nc4 17. Bxe7 Bxe7 18. Nc3 Bd6 19. Nce2 e5 20. Rhe1 b5 21. Nc3 exd4 22. Rxd4 Kc7 23. Re2 f6 24. Nge4 Be5 25. Rd3 Nb6 26. a4 bxa4 27. Rf3 Nd5 28. g3 Re8 29. Nc5 Nxc3 30. bxc3 a3 31. Rfe3 Bf7 32. Re1 a5 33. Kb1 Rb8+ 34. Ka1 Rb2 35. Ne4 Bc4 36. f4 Bd6 37. Nxd6 Ra2+ 38. Kb1 Kxd6 39. Re7 Rb2+ 40. Ka1 Ra2+ 41. Kb1 Rb2+ 42. Ka1 Ra2+ 43. Kb1 1/2-1/2

[Event "SB-2017-0-00484"]
[Site "LSS email"]
[Date "2017.01.30"]
[Round "?"]
[White "Sikorski, Roman"]
[Black "Kirch, Bernhard"]
[Result "1-0"]
[WhiteElo "1865"]
[BlackElo "2091"]
[PlyCount "113"]
[EventDate "2016.12.26"]
[EventType "tourn (corr)"]
[EventRounds "6"]
[EventCountry "GER"]
[SourceTitle "Corr 2022"]
[Source "ChessBase"]
[SourceDate "2021.10.24"]
[SourceVersion "1"]
[SourceVersionDate "2021.10.24"]
[SourceQuality "1"]

1. e4 c5 2. Nf3 e6 3. d4 cxd4 4. Nxd4 Nc6 5. Nc3 Qc7 6. Be3 Nf6 7. Be2 h6 8. f4 d5 9. e5 Nd7 10. Ncb5 Qa5+ 11. c3 Nxd4 12. Qxd4 a6 13. Nd6+ Bxd6 14. exd6 0-0 15. g4 Re8 16. g5 hxg5 17. h4 e5 18. fxe5 Rxe5 19. Bd3 Qb6 20. Qxe5 Nxe5 21. Bh7+ Kxh7 22. hxg5+ Kg6 23. Bxb6 Nd3+ 24. Kf1 Bd7 25. Rh2 Re8 26. Rd1 Nf4 27. Rf2 Nh3 28. Rf3 Nxg5 29. Rg3 Kf6 30. Kg1 Ne4 31. Bd4+ Ke6 32. Rxg7 Nxd6 33. Rf1 Rc8 34. Rg5 Bc6 35. Rf6+ Ke7 36. Rf4 Ke6 37. b3 Kd7 38. Rg7 Rh8 39. Bc5 Ke6 40. Bxd6 Kxd6 41. Rgxf7 a5 42. Kf1 Rh3 43. Rf3 Rh5 44. Ke2 d4 45. R3f5 Rh2+ 46. Rf2 Rxf2+ 47. Rxf2 dxc3 48. Kd3 c2 49. Rxc2 Kd5 50. Rh2 b6 51. Rh5+ Kd6 52. Kc4 Bf3 53. Rh6+ Kc7 54. Rh3 Be4 55. Re3 Bc6 56. Re7+ Kd6 57. Rg7 1-0

[Event "WC-2017-P-00019"]
[Site "LSS email"]
[Date "2017.01.23"]
[Round "?"]
[White "Kirch, Bernhard"]
[Black "Fernandez, Javier Horacio"]
[Result "0-1"]
[WhiteElo "2083"]
[BlackElo "2325"]
[PlyCount "112"]
[EventDate "2017.02.01"]
[EventType "tourn (corr)"]
[EventRounds "12"]
[EventCountry "GER"]
[SourceTitle "Corr 2022"]
[Source "ChessBase"]
[SourceDate "2021.10.24"]
[SourceVersion "1"]
[SourceVersionDate "2021.10.24"]
[SourceQuality "1"]

1. e4 c6 2. d4 d5 3. e5 c5 4. Nf3 Bg4 5. c4 cxd4 6. Qxd4 Bxf3 7. gxf3 Nc6 8. Qxd5 Qc7 9. Qd1 Rd8 10. Qa4 Qxe5+ 11. Be2 e6 12. Qb5 Bb4+ 13. Kf1 Qb8 14. Nc3 Nge7 15. a3 Bd6 16. Be3 0-0 17. Bd3 Ne5 18. Be2 Nf5 19. Ne4 Bc7 20. Re1 Nc6 21. h4 Bf4 22. Bc5 Rfe8 23. Qa4 Rc8 24. Rd1 h6 25. Bb4 Be5 26. h5 Red8 27. Bc3 Nfd4 28. c5 Nxe2 29. Kxe2 Bxc3 30. bxc3 Qf4 31. Qb3 b6 32. cxb6 Ne5 33. c4 axb6 34. Rhg1 Rxd1 35. Rxd1 Rxc4 36. Rd8+ Kh7 37. Nd6 Rc6 38. Qe3 Qg5 39. Qxg5 hxg5 40. Ne4 f6 41. Rd6 Kh6 42. Rxc6 Nxc6 43. Ke3 Ne5 44. Nd6 Kxh5 45. Nb5 Kg6 46. Ke4 Kf7 47. Nd6+ Ke7 48. Nc8+ Kd7 49. Nxb6+ Kc7 50. Na4 Nc4 51. f4 gxf4 52. Kxf4 Nxa3 53. Nc5 Kd6 54. Ne4+ Ke7 55. Nc5 Nc2 56. Nb3 Kd6 0-1

[Event "WC-2017-P-00019"]
[Site "LSS email"]
[Date "2017.01.23"]
[Round "?"]
[White "Lebedev, Alexander"]
[Black "Kirch, Bernhard"]
[Result "1/2-1/2"]
[WhiteElo "1928"]
[BlackElo "2083"]
[PlyCount "67"]
[EventDate "2017.02.01"]
[EventType "tourn (corr)"]
[EventRounds "12"]
[EventCountry "GER"]
[SourceTitle "Corr 2022"]
[Source "ChessBase"]
[SourceDate "2021.10.24"]
[SourceVersion "1"]
[SourceVersionDate "2021.10.24"]
[SourceQuality "1"]

1. d4 Nf6 2. c4 e6 3. Nf3 b6 4. g3 Ba6 5. b3 d5 6. Bg2 Bb4+ 7. Bd2 Bd6 8. Nc3 c6 9. 0-0 Be7 10. Ne5 0-0 11. e3 Nfd7 12. f4 Nxe5 13. fxe5 Nd7 14. Rf2 Rc8 15. cxd5 cxd5 16. Ne2 Bd3 17. Nf4 Bc2 18. Qe2 Nb8 19. h4 Qd7 20. Nh5 Bg6 21. Nf4 Bc2 22. Nh5 Bg6 23. Qg4 Bxh5 24. Qxh5 Nc6 25. Raf1 f5 26. exf6 Rxf6 27. Rxf6 Bxf6 28. Qg4 Kh8 29. Rf2 Ne7 30. Bf1 Rc2 31. Bb4 Rxf2 32. Kxf2 Nf5 33. Qf4 a5 34. Bd2 1/2-1/2

[Event "WC-2017-P-00019"]
[Site "LSS email"]
[Date "2017.01.23"]
[Round "?"]
[White "Paetzold, Ortwin"]
[Black "Kirch, Bernhard"]
[Result "1/2-1/2"]
[WhiteElo "1929"]
[BlackElo "2083"]
[PlyCount "70"]
[EventDate "2017.02.01"]
[EventType "tourn (corr)"]
[EventRounds "12"]
[EventCountry "GER"]
[SourceTitle "Corr 2022"]
[Source "ChessBase"]
[SourceDate "2021.10.24"]
[SourceVersion "1"]
[SourceVersionDate "2021.10.24"]
[SourceQuality "1"]

1. e4 c5 2. Nf3 e6 3. d4 cxd4 4. Nxd4 a6 5. Bd3 Nf6 6. 0-0 e5 7. Nf3 Nc6 8. Nc3 Bc5 9. Bg5 h6 10. Bxf6 Qxf6 11. Nd5 Qd8 12. c3 d6 13. b4 Ba7 14. Bc4 Be6 15. Qd3 Rc8 16. Rfd1 0-0 17. a4 Ne7 18. Nxe7+ Qxe7 19. Bxe6 Qxe6 20. Nd2 Rcd8 21. c4 Rc8 22. Rac1 Rc6 23. Rc2 Rfc8 24. Rdc1 Bb6 25. Nb3 Bd8 26. b5 R6c7 27. bxa6 bxa6 28. c5 Be7 29. cxd6 Rxc2 30. Rxc2 Rxc2 31. Qxc2 Qxd6 32. Nd2 g6 33. g3 Kg7 34. Kf1 h5 35. Nc4 Qc6 1/2-1/2

[Event "SA-2017-0-00561"]
[Site "LSS email"]
[Date "2017.01.21"]
[Round "?"]
[White "Kirch, Bernhard"]
[Black "Rolle, Hannes"]
[Result "0-1"]
[WhiteElo "2091"]
[BlackElo "2242"]
[PlyCount "76"]
[EventDate "2016.12.31"]
[EventType "tourn (corr)"]
[EventRounds "6"]
[EventCountry "GER"]
[SourceTitle "Corr 2022"]
[Source "ChessBase"]
[SourceDate "2021.10.24"]
[SourceVersion "1"]
[SourceVersionDate "2021.10.24"]
[SourceQuality "1"]

1. e4 c5 2. Nf3 d6 3. d4 cxd4 4. Qxd4 Nc6 5. Bb5 Bd7 6. Qd3 g6 7. c4 Bg7 8. 0-0 Nf6 9. Be3 Ng4 10. Nd4 Nxe3 11. fxe3 0-0 12. Nc3 Ne5 13. Qd2 Bc8 14. b3 a6 15. Ba4 e6 16. Rac1 b6 17. Nc6 Qc7 18. Nxe5 Bxe5 19. Nd1 Bb7 20. Nf2 h5 21. Qe2 Qe7 22. b4 a5 23. b5 Qh4 24. Nh3 Qxe4 25. Bc2 Qh4 26. Qf2 Qxf2+ 27. Nxf2 Rac8 28. Be4 Bxe4 29. Nxe4 Rc7 30. g3 f5 31. Nd2 Kf7 32. Rfe1 g5 33. Kg2 g4 34. Rf1 Ke7 35. Rce1 Bc3 36. Re2 Bxd2 37. Rxd2 Rxc4 38. Kf2 Rfc8 0-1

[Event "SA-2017-0-00561"]
[Site "LSS email"]
[Date "2017.01.21"]
[Round "?"]
[White "Kurowski, Andrzej"]
[Black "Kirch, Bernhard"]
[Result "1/2-1/2"]
[WhiteElo "2110"]
[BlackElo "2091"]
[PlyCount "67"]
[EventDate "2016.12.31"]
[EventType "tourn (corr)"]
[EventRounds "6"]
[EventCountry "GER"]
[SourceTitle "Corr 2022"]
[Source "ChessBase"]
[SourceDate "2021.10.24"]
[SourceVersion "1"]
[SourceVersionDate "2021.10.24"]
[SourceQuality "1"]

1. d4 Nf6 2. c4 e6 3. Nf3 b6 4. g3 Ba6 5. b3 d5 6. Bg2 Bb4+ 7. Bd2 Be7 8. cxd5 exd5 9. 0-0 0-0 10. Ne5 Bb7 11. Nc3 c5 12. dxc5 bxc5 13. Bf4 Na6 14. Re1 Re8 15. Nc4 Bc6 16. Qd2 Rc8 17. Ne5 Ba8 18. e4 dxe4 19. Qe2 Nb4 20. Rad1 Qb6 21. Nxe4 Nxe4 22. Bxe4 Bxe4 23. Qxe4 Bf6 24. Qc4 Qe6 25. Nd7 Qxc4 26. Nxf6+ gxf6 27. Rxe8+ Rxe8 28. bxc4 Nxa2 29. Be3 Nb4 30. Bxc5 a5 31. Kf1 Rc8 32. Bb6 Rxc4 33. Bxa5 Kg7 34. Bxb4 1/2-1/2

[Event "CP-2016-P-00042"]
[Site "LSS email"]
[Date "2016.09.27"]
[Round "?"]
[White "Kirch, Bernhard"]
[Black "Eman, Juan"]
[Result "1/2-1/2"]
[WhiteElo "2092"]
[BlackElo "2253"]
[PlyCount "85"]
[EventDate "2016.10.01"]
[EventType "tourn (corr)"]
[EventRounds "6"]
[EventCountry "GER"]
[SourceTitle "Corr 2022"]
[Source "ChessBase"]
[SourceDate "2021.10.24"]
[SourceVersion "1"]
[SourceVersionDate "2021.10.24"]
[SourceQuality "1"]

1. d4 f5 2. g3 Nf6 3. Nf3 e6 4. Bg2 c6 5. 0-0 d5 6. c4 Bd6 7. Nc3 0-0 8. Qc2 Ne4 9. Ne1 Nd7 10. Nd3 Qe7 11. Be3 dxc4 12. Ne5 Nxc3 13. Qxc3 Nb6 14. Qc1 Qc7 15. Nxc4 Nxc4 16. Qxc4 Kh8 17. f4 Bd7 18. a3 Rf6 19. Bd2 Qd8 20. Bb4 Bc7 21. a4 a5 22. Bd2 Rf7 23. b4 axb4 24. e3 Kg8 25. Bf3 g6 26. Bxb4 g5 27. Qb3 h6 28. Rf2 g4 29. Bg2 Bc8 30. Rd1 Bd6 31. Bxd6 Qxd6 32. e4 Ra6 33. Bf1 b5 34. d5 Rxa4 35. e5 Qc7 36. dxc6 Ra5 37. Qb4 Qb6 38. Qd4 Qxd4 39. Rxd4 Rc7 40. Rb2 Rxc6 41. Bxb5 Rc7 42. Kf2 Kf7 43. Ba4 1/2-1/2

[Event "BI-2016-F-0000"]
[Site "LSS email"]
[Date "2016.02.14"]
[Round "?"]
[White "Kirch, Bernhard"]
[Black "Khanas, Valeriy"]
[Result "1/2-1/2"]
[WhiteElo "2034"]
[BlackElo "2297"]
[PlyCount "97"]
[EventDate "2016.02.20"]
[EventType "tourn (corr)"]
[EventRounds "10"]
[EventCountry "GER"]
[SourceTitle "Corr 2022"]
[Source "ChessBase"]
[SourceDate "2021.10.24"]
[SourceVersion "1"]
[SourceVersionDate "2021.10.24"]
[SourceQuality "1"]

1. Nf3 Nf6 2. c4 e6 3. d4 d5 4. Nc3 Bb4 5. Bg5 h6 6. Bxf6 Qxf6 7. e3 0-0 8. Rc1 dxc4 9. Bxc4 c5 10. 0-0 cxd4 11. Nxd4 Bd7 12. Ne4 Qe5 13. Be2 Rd8 14. Qb3 a5 15. Nc3 Na6 16. Rfd1 Nc5 17. Qc2 Qf6 18. f4 a4 19. a3 Ba5 20. Ne4 Nxe4 21. Qxe4 Be8 22. Bf3 Rab8 23. Kf2 b5 24. g3 g6 25. Rc5 Bb6 26. Rc2 Rd5 27. Qd3 Rd7 28. Qc3 Kg7 29. Nc6 Qxc3 30. Rxc3 Rxd1 31. Bxd1 Rc8 32. Bf3 Rc7 33. Ke2 f5 34. Kd3 Kf6 35. Rc2 g5 36. Ke2 Rc8 37. h3 h5 38. h4 g4 39. Bg2 Rc7 40. Rc3 Kg7 41. Kf2 Bd7 42. Rc2 Kf6 43. Rc3 Kf7 44. Rc1 Be8 45. Ke2 Kg6 46. Rc2 Kg7 47. Rc1 Kf7 48. Ne5+ Ke7 49. Nc6+ 1/2-1/2

[Event "BI-2016-F-0000"]
[Site "LSS email"]
[Date "2016.02.14"]
[Round "?"]
[White "Kirch, Bernhard"]
[Black "Pelekis, George"]
[Result "1/2-1/2"]
[WhiteElo "2034"]
[BlackElo "2008"]
[PlyCount "85"]
[EventDate "2016.02.20"]
[EventType "tourn (corr)"]
[EventRounds "10"]
[EventCountry "GER"]
[SourceTitle "Corr 2022"]
[Source "ChessBase"]
[SourceDate "2021.10.24"]
[SourceVersion "1"]
[SourceVersionDate "2021.10.24"]
[SourceQuality "1"]

1. Nf3 d5 2. d4 c6 3. c4 Nf6 4. Nc3 dxc4 5. a4 Bf5 6. Ne5 Nbd7 7. Nxc4 Qc7 8. g3 e5 9. Bg2 Rd8 10. 0-0 Be6 11. b3 exd4 12. Bf4 Qc8 13. Qxd4 Nc5 14. Nd6+ Bxd6 15. Bxd6 Nxb3 16. Qe5 Nxa1 17. Rxa1 Rg8 18. Rb1 Rd7 19. a5 a6 20. Na4 Qd8 21. Bxc6 bxc6 22. Rb8 Qxb8 23. Bxb8 Rd1+ 24. Kg2 Nd7 25. Qc7 f6 26. Ba7 Rd2 27. Nc3 Kf7 28. Qxc6 Ne5 29. Qxa6 Rd7 30. f4 Ra8 31. fxe5 Rdxa7 32. Qc6 Ra6 33. Qb7+ Kg6 34. exf6 gxf6 35. Qe4+ Bf5 36. Qd4 Rxa5 37. Nd5 Rxd5 38. Qxd5 Re8 39. Kf3 h5 40. Kf4 Bg4 41. e4 Rb8 42. e5 fxe5+ 43. Qxe5 1/2-1/2